[Event "EU Union-ch U12"]
[Site "Kouty nad Desnou"]
[Date "2023.08.19"]
[Round "4"]
[White "Gailevska, Milana"]
[Black "Ge, Charlene"]
[Result "1/2-1/2"]
[WhiteElo "1245"]
[BlackElo "1598"]
[PlyCount "108"]
[EventDate "2023.08.16"]
[EventType "swiss"]
[EventRounds "9"]
[EventCountry "CZE"]
[SourceTitle "EXT 2024"]
[Source "ChessBase"]
[SourceDate "2023.10.10"]
[SourceVersion "1"]
[SourceVersionDate "2023.10.10"]
[SourceQuality "1"]

1. d4 d5 2. Nf3 Nf6 3. Bf4 Nh5 4. Bg5 h6 5. Bh4 g5 6. Bg3 Bg7 7. e3 Nxg3 8. hxg3 Nc6 9. c3 Bg4 10. Nbd2 Qd7 11. Bb5 a6 12. Qa4 Rb8 13. Bxc6 Qxc6 14. Qxc6+ bxc6 15. b3 c5 16. Rc1 cxd4 17. cxd4 Kd7 18. Nb1 Bxf3 19. gxf3 e5 20. dxe5 Bxe5 21. Ke2 Rb6 22. Rhd1 Rd6 23. Nc3 Bxc3 24. Rxc3 Rb8 25. Rcd3 Rb5 26. g4 Rc5 27. R3d2 Ke7 28. b4 Rb5 29. Rd4 a5 30. a3 axb4 31. axb4 Kf6 32. Rh1 Kg6 33. Ra1 Rdb6 34. Rb1 f5 35. Rb2 fxg4 36. fxg4 Kf6 37. Kf3 Ke5 38. Rb1 Rf6+ 39. Ke2 c5 40. Rd2 Rxb4 41. Rc1 c4 42. Rdc2 Rfb6 43. f3 Rb2 44. Kd2 R6b3 45. Re1 Rb1 46. Rxb1 Rxb1 47. Ra2 Rb6 48. Ra5 Rd6 49. Ra8 Rf6 50. Ke2 Re6 51. Kd2 Rc6 52. Ra5 h5 53. gxh5 Rh6 54. e4 Rxh5 1/2-1/2

[Event "Panevezys op-C"]
[Site "Panevezys"]
[Date "2022.07.02"]
[Round "3"]
[White "Gailevska, Milana"]
[Black "Mockus, Arvydas"]
[Result "0-1"]
[WhiteElo "1071"]
[BlackElo "1551"]
[PlyCount "82"]
[EventDate "2022.07.01"]
[EventType "swiss"]
[EventRounds "7"]
[EventCountry "LTU"]
[SourceTitle "EXT 2023"]
[Source "ChessBase"]
[SourceDate "2022.10.05"]
[SourceVersion "1"]
[SourceVersionDate "2022.10.05"]
[SourceQuality "1"]

1. e3 e5 2. d4 exd4 3. exd4 d5 4. Nf3 Bg4 5. Be3 Nf6 6. Nbd2 Bd6 7. Bd3 Nbd7 8. c3 0-0 9. 0-0 c5 10. h3 Bh5 11. dxc5 Nxc5 12. Bxc5 Bxc5 13. Re1 Qb6 14. Rf1 Qxb2 15. Qb3 Qxb3 16. axb3 Rfe8 17. Rfe1 Bg6 18. Bxg6 hxg6 19. Nd4 a6 20. N2f3 Ne4 21. b4 Bb6 22. Rac1 Rac8 23. Kf1 Kf8 24. h4 Rxc3 25. Rxc3 Nxc3 26. Rxe8+ Kxe8 27. Ke1 Ke7 28. g3 Kd6 29. Kd2 Na2 30. b5 a5 31. Kd3 a4 32. Ng5 Nc1+ 33. Kc3 f6 34. Nge6 Nb3 35. Nxb3 Kxe6 36. Nd4+ Bxd4+ 37. Kxd4 a3 38. Kc3 d4+ 39. Kb3 d3 40. Kxa3 d2 41. Kb2 d1Q 0-1